Από το σχεδιασμό προϊόντων στο γραφιστικό σχεδιασμό : το παράδειγμα των εντύπων για μουσεία : διπλωματική εργασία

Η διπλωματική εργασία έχει ως στόχο τη διερεύνηση της διαδικασίας σχεδιασμού ενημερωτικών εντύπων των μουσείων και τη σχέση που διατηρεί αυτή η διαδικασία με τον σχεδιασμό προϊόντων γενικότερα. Αρχικά γίνεται βιβλιογραφική έρευνα πάνω στην έννοια του ντιζάϊν, χωρίς να δίνεται συγκεκριμένος ορισμός τ...

Πλήρης περιγραφή

Αποθηκεύτηκε σε:
Λεπτομέρειες βιβλιογραφικής εγγραφής
Κύριος συγγραφέας: Παναγιωτοπούλου, Γεωργία
Συγγραφή απο Οργανισμό/Αρχή: Πανεπιστήμιο Αιγαίου. Τμήμα Μηχανικών Σχεδίασης Προϊόντων και Συστημάτων
Άλλοι συγγραφείς: Σαπίδης, Νικόλαος (Εισηγητής διατριβής), Πιτσάκη, Ειρήνη (Εισηγητής διατριβής)
Μορφή: Thesis Βιβλίο
Γλώσσα:Greek
Δημοσίευση: 2009
Θέματα:
Διαθέσιμο Online:http://hdl.handle.net/11610/8946
Ετικέτες: Προσθήκη ετικέτας
Δεν υπάρχουν, Καταχωρήστε ετικέτα πρώτοι!

MARC

LEADER 00000cam a2200000 i 4500
001 1/10597
008 101020s2009 gre d
035 |l 10109072 
040 |a GR-MY-UA  |b gre  |e aacr 
041 0 |a gre 
082 0 |a 741.6  |2 (22) 
100 1 |a Παναγιωτοπούλου, Γεωργία. 
245 1 0 |a Από το σχεδιασμό προϊόντων στο γραφιστικό σχεδιασμό :  |b το παράδειγμα των εντύπων για μουσεία : διπλωματική εργασία /  |c Παναγιωτοπούλου Γεωργία ; επιβλέποντες καθηγητές: Νικόλαος Σαπίδης, Ειρήνη Πιτσάκη 
260 |c 2009 
300 |a 158 φύλλα;  |b εικ.;  |c 20 εκ. 
500 |a Διάθεση πλήρους κειμένου περιορισμένης πρόσβασης (μόνο από μέλη του Παν. Αιγαίου) 
502 |a Πτυχιακή εργασία – Πανεπιστήμιο Αιγαίου, Σύρος, 2009. 
504 |a Βιβλιογραφία: σ. 144-146 
520 |a Η διπλωματική εργασία έχει ως στόχο τη διερεύνηση της διαδικασίας σχεδιασμού ενημερωτικών εντύπων των μουσείων και τη σχέση που διατηρεί αυτή η διαδικασία με τον σχεδιασμό προϊόντων γενικότερα. Αρχικά γίνεται βιβλιογραφική έρευνα πάνω στην έννοια του ντιζάϊν, χωρίς να δίνεται συγκεκριμένος ορισμός της έννοιας, αλλά παραθέτοντας και αναλύοντας απόψεις ειδικών που συνδέουν άμεσα το ντιζάϊν με τη διαδικασία του σχεδιασμού. Κατόπιν εισάγεται ο όρος σχεδιασμός προϊόντος και αναλύεται σε στάδια η διαδικασία του με βάση τέσσερα μοντέλα του Ian Wright, και επιλέγεται το καταλληλότερο για να επιτευχθεί ο στόχος της εργασίας. Αμέσως μετά αναλύεται η έννοια του γραφιστικού σχεδιασμού, παρουσιάζεται το μοντέλο του Ryan Hembree και περιγράφονται διεξοδικά τα στάδια αυτού. Αφού έχουν παρουσιαστεί και αναλυθεί θεωρητικά βασικοί όροι και μοντέλα, η εργασία αφιερώνει ένα μεγάλο μέρος στις συνεντεύξεις με πέντε γραφίστες που σχεδιάζουν έντυπα για μουσεία των Αθηνών. Σκοπός είναι να δηλωθούν οι ιδέες τους, οι αντιλήψεις τους, η δομή της δουλειάς τους και κατά πόσο επιβεβαιώνουν με την εμπειρία τους όσα υποστηρίζονται στην αρχή. Τέλος, η εργασία καταλήγει σε γενικά συμπεράσματα και οριστικοποιείται η στενή σχέση του σχεδιασμού προϊόντων με το γραφιστικό σχεδιασμό. 
650 0 0 |a Graphic arts. 
650 0 0 |a Communication in design. 
650 0 0 |a Museums  |x Public relations. 
650 0 0 |a Dissertations, Academic  |z Greece. 
700 1 |a Σαπίδης, Νικόλαος.  |4 ths 
700 1 |a Πιτσάκη, Ειρήνη.  |4 ths 
710 2 |a Πανεπιστήμιο Αιγαίου.   |b Τμήμα Μηχανικών Σχεδίασης Προϊόντων και Συστημάτων. 
852 |a INST  |b SYROS  |c DIATR  |e 20101020  |h 741.6 ΠΑΝ  |p 005500009556  |q 005500009556  |t DIE  |y 23 
852 |a INST  |b SYROS  |c DIATR  |e 20101020  |h 741.6 ΠΑΝ  |p 005500009557  |q 005500009557  |t DIE  |y 23 
856 |u http://hdl.handle.net/11610/8946 
901 |a BIBL5-2010-2 
909 |a Ε  |b 160482 
909 |a Ε  |b 160481 
924 |a ΠΑΝΑΓΙΩΤΟΠΟΥΛΟΥ  |b ΓΕΩΡΓΙΑ  |y ΣΥΡΟΣ  |z 2009-06 
970 |a ΚΟΝΤΟΥ  |b ΠΑΡΑΣΚΕΥΗ  |z 2010/10/20